Joc de la soca
Descripción Física:
4 p. : il. col. ; 30 cm
MARC
| LEADER | 00000nam a2200000Ia 4500 | ||
|---|---|---|---|
| 001 | 24504 | ||
| 008 | 160829s9999 xx 000 0 cat d | ||
| 080 | |a NBM-12-5 | ||
| 245 | |a Joc de la soca | ||
| 260 | |a [Barcelona] : |b Diputació de Barcelona. Servei del Medi Ambient, [s.a.] | ||
| 300 | |a 4 p. : |b il. col. ; |c 30 cm | ||
| 590 | |a En la contraberta apareix les instruccions per jugar a aquest joc de taula | ||
| 710 | 1 | |a Barcelona (Catalunya : Província). |b Diputació |9 52408 | |
| 901 | |a Arxiu | ||
| 942 | |n 1 | ||
| 952 | |0 0 |1 0 |4 0 |6 NBM125 |7 1 |9 55690 |a Arxiu |b Arxiu |d 2016-12-01 |l 0 |o NBM-12-5 |p 24504 |r 2016-12-01 00:00:00 |w 2016-12-01 |y ARXIU | ||
| 999 | |c 59563 |d 59563 | ||